Stati per età media al momento del Parto - Statistics

Statistiche generali
  • Questo quiz è stato fatto 9 volte
  • Il punteggio medio è 7 su 11
Statistiche sulle risposte
Età media al parto Continente Nazione % Corretto
32,0 Europa Italia
100%
32,1 Europa Spagna
89%
32,0 Europa Svizzera
89%
32,2 Europa Lussemburgo
67%
32,0 Europa Andorra
56%
32,5 Asia Corea del Sud
56%
32,2 Europa San Marino
56%
32,2 Europa Irlanda
44%
31,9 Europa Liechtenstein
44%
31,9 Asia Singapore
44%
31,9 Africa Libia
11%
Nessun quiz corrispondente trovato
Distribuzione punteggi
Percentuale di utenti per punteggio
Percentile per numero di risposta
I tuoi punteggi nel tempo
Non hai fatto questo quiz